01332nam a2200265 a 4500001001000000005001700010008004100027041000800068044000700076084002600083100004500109245009500154260005500249300004200304500014800346500009900494500018600593500004000779500001000819650005200829650005600881650003400937650004500971740005001016BRCA_236720190320203757.0061108s1934----sp-#---###---#000-0#spa-u aspa asp a008b.B55c1934 F16051 aCervantes Saavedra, Miguel ded1547-161610aEl Ingenioso Hidalgo Don Quixote de la Manchaccompuesto por Miguel de Cervantes Saavedra. aSan Sebastián (España)bBiblioteca nuevac1934 a1 v. (en varias paginaciones)c21 cm. aContenido : Tasa. Testimonio de erratas. Privilegio. Dedicatoria del autor al Duque de Béjar. Prólogo del autor. Versos preliminares. Texto aFacsímil de : El ingenioso hidalgo Don Quixote de la Mancha. Madrid: Juan de la Cuesta, 1605 aFacsímil de la primera parte de la edición príncipe, igual al LO-007. Bello ejemplar encuadernado en fina piel parda y adornado con florones y filetes dorados Lúdovik Osterc aExistencias : Complementa al LO-031 aQM37414aNovela españolayÉpoca clásica, 1500-170014aLiteratura españolayÉpoca clásica, 1500-170014aNovela españolaySiglo XVII14aDon Quijote (Personaje ficticio)eNovela0 aEl Ingenioso Hidalgo Don Quijote de la Mancha